000 00553nam a2200157 i 4500
001 bg
245 0 _aDrogi szynowe :
_bzagadnienia badawczo-konstrukcyjne i eksploatacyjne : [konferencja, Wrocław, 8-10.02.1978.
260 _aWrocław,
_c1978.
490 1 _aPrace Naukowe Instytutu Inżynierii Lądowej Politechniki Wrocławskiej ;
_v24
830 _aPrace Naukowe Instytutu Inżynierii Lądowej Politechniki Wrocławskiej ;
040 _cBPK
041 _apol
080 _a625.1(061.3)
942 _cKS
008 s pl f |000 0 pol
999 _c17734
_d17734
856 _uhttp://koha.tu.koszalin.pl/cgi-bin/koha/opac-detail.pl?biblionumber=17734
_yKatalog online BPK